BIBLIOTHÈQUE DE LA MAISON DU MEXIQUE

Logo 1 Logo 2

Zone sacrée (notice nᵒ 2736)

détails MARC
000 -Sello discográfico
campo de control de longitud fija 00863nam a2200313 4500
005 - Identificación de versión
campo de control 20251017062735.0
035 ## - Otros números de control del sistema
Número de control del sistema 23835
099 ## - fechas locales
Tipo de ítem Koha LIBRO
100 ## - Datos de procesamiento general
Datos de procesamiento general 19980212d1968 m y1spay5003 ba
101 1# - Idioma del recurso
Idioma del texto, banda sonora, etc. Francés
Idioma de la obra original Español; Castellano
105 ## - Campo de datos codificados: Material textual, monográfico
Datos codificados de monografía y 001ay
200 1# - Título y mención de responsabilidad
Título propio Zone sacrée
Designación general del material texto impreso
Primer mención de responsabilidad Carlos Fuentes
Declaración de responsabilidad subsiguiente traduction Jean -Claude Andro
210 ## - Publicación, distribución, etc.
Lugar de publicación, distribución, etc. Paris
Nombre del editor, distribuidor, etc. Editions Gallimard
Fecha de publicación, distribución, etc. 1968
215 ## - Descripción física
Designación de material específico y extensión del ítem 253 p
Dimensiones 19 cm
345 ## - Nota de información de adquisición
Fuente de adquisición/dirección de la suscripción [OBSOLETO] Donación
410 #1 - Series
Título Du Monde Entier
454 #1 - Traducción de
Título Zona sagrada
606 ## - Término temático usado como materia
Elemento de entrada Novela mexicana
Subdivisión cronológica Siglo XX
Número Koha 64
660 ## - Código de área geográfica
Código MX
700 ## - Nombre personal - Responsabilidad primaria
Elemento de entrada Fuentes Macías
Parte del nombre distinta del elemento de entrada Carlos
Fechas 1928-2012
Número Koha 28
702 ## - Nombre personal - Responsabilidad secundaria
Elemento de entrada Andro
Parte del nombre distinta del elemento de entrada Jean-Claude
Número Koha 6079
801 #0 - Fuente de origen
Agencia cm
900 ## -
-- 1/15805
900 ## -
-- 710987372\\120298
942 ## - ELEMENTOS DE ENTRADA SECUNDARIOS (KOHA)
Tipo de ítem Koha Livre
996 ## -
-- MEX
-- 751145101
-- MMAG
-- 010378
-- 863.4 F954Z
-- 20240606LIV
Exemplaires
Estatus retirado Estado de daño Estado de pérdida Fecha de adquisición Biblioteca de origen Biblioteca actual Ubicación en estantería Código de barras Precio de reemplazo Signatura topográfica completa No para préstamo Tipo de ítem Koha Nota pública Nota no pública
      05/08/2025 Casa México Paris Casa México Paris   010378 05/08/2025 863.4 F954Z   Livre 20240606LIV 751145101